000 00995nam a2200265Ia 4500
003 OSt
005 20220923211309.0
006 a|||||r|||| 00| 0
007 ta
008 220922b |||||||| |||| 00| 0 hin d
020 _a9788179754207 (hbk)
_c450
024 _a281,081
037 _bIN1063, 05/03/2014, Anamika Publishers & Distributor Pvt. Ltd.
_cTextual
040 _aARTS
_cARTS
_bhin
041 _2hin
_ahin
082 _a4:g(P), 152Q3
100 _aमान, आर. के.
245 0 _aहिंदी अखबारों की भाड्ढा
246 _aHiandī akhabāroan kī bhāḍḍhā
260 _aनई दिल्ली
_b अनामिका पब्लिशर्स
_c2013
300 _a223पृ.
_ccm.
650 _aहिन्दी पत्रकारिता
942 _h4:g(P), 152Q3
_cTEXL
_2CC
999 _c298211
_d298211